The geometry of syzygies : a second course in commutative algebra and algebraic geometry

Αποθηκεύτηκε σε:
Λεπτομέρειες βιβλιογραφικής εγγραφής
Κύριος συγγραφέας: Eisenbud, David
Μορφή: Βιβλίο
Γλώσσα:English
Δημοσίευση: New York : Springer, c2005
Σειρά:Graduate texts in mathematics ; ; 229
Θέματα:
Ετικέτες: Προσθήκη ετικέτας
Δεν υπάρχουν, Καταχωρήστε ετικέτα πρώτοι!

MARC

LEADER 00000nam a2200000 i 4500
001 1/52250
008 070823s2005 eng d
020 |a 0-387-22215-4 
035 |l 10089951 
040 |a GR-MY-UA  |b gre  |e aacr 
041 0 |a eng 
082 0 |a 512.5  |2 (22) 
100 1 |a Eisenbud, David. 
245 1 4 |a The geometry of syzygies :  |b a second course in commutative algebra and algebraic geometry /  |c David Eisenbud 
260 |a New York :   |b Springer,   |c c2005 
300 |a xvi, 243 σ.;  |b εικ.;  |c 25 εκ. 
490 1 |a Graduate texts in mathematics  |v ; 229 
504 |a Περιλαμβάνει βιβλιογραφικές παραπομπές (σ.[227]-236) και ευρετήριο 
650 0 0 |a Syzygies (Mathematics) 
650 0 0 |a Commutative algebra. 
650 0 0 |a Geometry, Algebraic. 
830 0 |a Graduate texts in mathematics ;  |v ; 229 
852 |a INST  |b SAMOS  |e 20070823  |h 512.5 EIS  |p 005300028438  |q 005300028438  |t BK  |y 0 
901 |a BIBL3-2007-2 
909 |a Σ  |b 136787 
922 |a 3ΕΛΗ  |b 200707  |c ΕΠΕΑΕΚ2/ΤΜΗΜΑ ΜΑΘΗΜΑΤΙΚΩΝ  |d ΕΛΕΥΘΕΡΟΥΔΑΚΗΣ 
970 |a ΡΟΥΣΣΟΥ  |b ΚΩΝΣΤΑΝΤΙΝΑ  |z 2007/08/23